U.S. States by Clue - Statistics

General Stats
  • This quiz has been taken 61 times
  • The average score is 15 of 20
Answer Stats
Clue State % Correct
It has coastlines on 4 of the 5 Great Lakes Michigan
94%
This state's upstate region has the Erie Canal New York
94%
The smallest US state could fit 567 times in this state Alaska
87%
It contains 9 national parks, more than any other state California
87%
It was the first US state to ratify the Constitution Delaware
85%
Eight US presidents were born in this state alone Virginia
85%
Most of this state is part of the New York and Philadelphia metro areas New Jersey
81%
The lost colony of Roanoke was established here North Carolina
81%
Its 3 largest cities form a "triangle" on the map Texas
81%
The Boeing Everett Factory here is one of the largest buildings in the world Washington
81%
It is nicknamed the "Land of Lincoln" Illinois
80%
The sizable French community of this southern state originated from Acadia Louisiana
80%
The chocolate producing Hershey Company has a theme park here Pennsylvania
78%
It has the biggest city by area in the lower 48 Florida
76%
Multi-billionaire Warren Buffett is from this state Nebraska
72%
Despite being known for coal, it's only the 2nd largest US producer West Virginia
72%
The Rio Grande, Platte, and Arkansas rivers begin here Colorado
65%
Dunkin' Donuts was founded in this state Massachusetts
56%
There is a big sculpture of a cherry and spoon in its largest city Minnesota
46%
The city of Oak Ridge in this state was a major center of the Manhattan Project Tennessee
46%
No matching quizzes found
Score Distribution
Percent of People with Each Score
Percentile by Number Answered
Your Score History
You have not taken this quiz